000 02001nam a22002177a 4500
005 20260624172222.0
008 231227b ||||| |||| 00| 0 eng d
020 _a9783132437609
040 _cPK-LaUMT
082 _a616.07543
_bHOF-U
100 1 _aHofer, Matthias
_913186
245 1 0 _aUltrasound teaching manual :
_bthe basics of performing and interpreting ultrasound scans /
_cMatthias Hofer
250 _a4th ed.
260 _aNew York :
_bThieme,
_c2021
300 _a167 p.
520 _a"This workbook is divided into lessons that guide you-like an instructor in an ultrasound course- systematically through the individual organ systems and body regions. Key features of the fourth edition: Special multiple-exposure photos demonstrate the dynamics of handling the transducer Triplet-image units vividly illustrate transducer positioning, the ultrasound image, and relevant anatomy Reference numbers on the accompanying diagrams help you to both actively develop your knowledge and to test it at any time. The legend located on the back cover flap is the key to the reference numbers that are used consistently in each diagram. Quiz images at the end of each chapter are the perfect tool for rigorous self-evaluation Physical fundamentals are presented in vibrant, illustrative diagrams Numerous practical tips and tricks make it easy to familiarize yourself with ultrasound A primer on ultrasound interpretation explains specialized terminology concisely and clearly Precise descriptions of algorithms for transducer positioning facilitate real-time examinations Videos (online access) showing relevant ultrasound anatomy, optimal transducer positioning, and the images you will see on the monitor during examination let you experience the content live-a perfect complement to the book that will greatly improve your retention of the material"-- Provided by publisher
546 _aEng
650 _aDiagnostic ultrasonic imaging
_913187
650 _aKindneys
_913188
942 _cBK
999 _c132985
_d132985